[Event "Santo Domingo Independencia op"]
[Site "Santo Domingo"]
[Date "2017.03.04"]
[Round "7"]
[White "Mendez, Ruddy Antonio"]
[Black "Gomez Diaz, Leonardo de Jesus"]
[Result "1-0"]
[WhiteElo "2118"]
[BlackElo "1726"]
[PlyCount "108"]
[EventDate "2017.02.24"]
[EventType "swiss"]
[EventRounds "7"]
[EventCountry "DOM"]
[SourceTitle "CBM 177 Extra"]
[Source "ChessBase"]
[SourceDate "2017.04.27"]
[SourceVersion "1"]
[SourceVersionDate "2017.04.27"]
[SourceQuality "1"]

1. d4 d5 2. c4 e6 3. Nf3 c5 4. cxd5 exd5 5. Nc3 Nf6 6. g3 Be7 7. Bg2 0-0 8. 0-0 Nc6 9. b3 cxd4 10. Nxd4 Nxd4 11. Qxd4 Be6 12. Bb2 Qd7 13. Rfd1 Rfd8 14. Rac1 b6 15. Qd3 Rac8 16. Qa6 Qd6 17. Nb5 Qd7 18. a4 Rxc1 19. Rxc1 Rc8 20. Rxc8+ Qxc8 21. Qxc8+ Bxc8 22. Nxa7 Bf5 23. Bxf6 Bxf6 24. Bxd5 Bc3 25. Nb5 Bb4 26. Kg2 Kf8 27. Nd4 Bc8 28. e4 f6 29. f4 Bc3 30. Nb5 Bb4 31. Nd4 g6 32. Kf3 Bc3 33. Nc2 Ke7 34. Ke3 Kd6 35. Kd3 Bb2 36. Bg8 h6 37. b4 Bh3 38. Ne3 Ba1 39. Bf7 Bd7 40. Nc4+ Kc7 41. a5 bxa5 42. bxa5 g5 43. Nb6 Bh3 44. Nd5+ Kb7 45. Nb4 Bf1+ 46. Kc2 Bd4 47. Bd5+ Kc7 48. Kb3 Bg1 49. h4 gxh4 50. gxh4 Bf2 51. h5 Be2 52. Bf7 Bg4 53. Ka4 Bd1+ 54. Kb5 Bd4 1-0

[Event "Santo Domingo Duarte Memorial 6th"]
[Site "Santo Domingo"]
[Date "2017.01.27"]
[Round "1"]
[White "Arvelo Leo, Gian Carlo"]
[Black "Gomez Diaz, Leonardo de Jesus"]
[Result "1-0"]
[WhiteElo "2172"]
[BlackElo "1726"]
[PlyCount "91"]
[EventDate "2017.01.27"]
[EventType "swiss"]
[EventRounds "8"]
[EventCountry "DOM"]
[SourceTitle "CBM 176 Extra"]
[Source "ChessBase"]
[SourceDate "2017.03.02"]
[SourceVersion "1"]
[SourceVersionDate "2017.03.02"]
[SourceQuality "1"]

1. c4 e5 2. g3 Nf6 3. Bg2 d5 4. cxd5 Nxd5 5. Nc3 Be6 6. Nf3 Nc6 7. 0-0 Be7 8. d4 Nxc3 9. bxc3 e4 10. Nd2 f5 11. e3 0-0 12. Qa4 Kh8 13. Rb1 Rb8 14. c4 Bd7 15. Qb3 Nb4 16. Ba3 Nd3 17. f3 Bxa3 18. Qxa3 Qg5 19. f4 Qg4 20. Bf3 Qg6 21. Be2 Qa6 22. Qxa6 bxa6 23. Bxd3 exd3 24. Nb3 Ba4 25. Rfc1 Rb4 26. Kf2 Rfb8 27. Rc3 Re8 28. Rd1 Kg8 29. Rdxd3 Kf7 30. Ke1 Reb8 31. Kd2 Ke7 32. Kc1 Be8 33. Nd2 a5 34. Rb3 a4 35. Rxb4 Rxb4 36. a3 Rb6 37. Nf3 Bh5 38. Ne5 Be8 39. Rc3 a6 40. Nd3 a5 41. Nc5 Kd6 42. Nxa4 Rb8 43. Nc5 a4 44. Rc2 Bc6 45. Rb2 Rxb2 46. Kxb2 1-0